| 000 | 01047nam a2200229 a 4500 | ||
|---|---|---|---|
| 001 | 000181733 | ||
| 003 | AM-YeHGA | ||
| 005 | 20250617123629.0 | ||
| 008 | 950720s1986 un ||||gr|||||||||0|rus|d | ||
| 040 | _aAM-YeHGA | ||
| 041 | 0 | _arus | |
| 245 | 0 | 0 |
_aСправочное пособие по математическому анализу : _bРяды, функции векторного аргумента, кратные и криволинейные интегралы / _cИ.И. Ляшко, А.К. Боярчук, Я.Г. Гай, Г.П. Головач. |
| 250 | _a2-е изд., перераб. и доп. | ||
| 260 |
_aКиев : _bВища школа, _c1986. |
||
| 300 |
_a565,[2] с. : _bил. ; _c22 см. _c. |
||
| 650 | 1 | 4 | _aМатематический анализ - Справочники |
| 650 | 1 | 4 | _aСправочники - Математический анализ |
| 700 | 1 | _aБоярчук, Алексей Климентьевич | |
| 700 | 1 | _aГай, Яков Гаврилович | |
| 942 |
_2udc _cBK |
||
| 090 | _c63695 | ||
| 999 |
_c62615 _d62615 |
||